[Event "New York op"]
[Site "New York"]
[Date "1989.??.??"]
[Round "1"]
[White "Alburt, Lev O"]
[Black "Brooks, Michael A"]
[Result "1-0"]
[WhiteElo "2520"]
[BlackElo "2385"]

1.d4 Nf6 2.c4 g6 3.Nc3 Bg7 4.e4 d6 5.Be2 O-O 6.Bg5 Nbd7 7.Qc1 a6 8.Nf3 c6
9.O-O b5 10.b4 Bb7 11.Rd1 bxc4 12.Bxc4 d5 13.Bd3 dxe4 14.Nxe4 a5 15.Rb1 axb4
16.Rxb4 Ba6 17.Nxf6+ Nxf6 18.Bxa6 Rxa6 19.a4 Qa8 20.Qc2 Nd5 21.Rc4 Rb8 22.Bd2 Nb6
23.Rxc6 Rxa4 24.Rb1 Ra1 25.Rc1 Nd5 26.h4 h6 27.Kh2 Rxc1 28.Qxc1 e6 29.Rc5 Kh7
30.Qc2 Qa1 31.h5 Qb1 32.hxg6+ fxg6 33.Qa4 Qf5 34.Qd7 Rb1 35.Ra5 Qh5+ 36.Kg3 Qg4+
37.Kxg4 Nf6+ 38.Kf4 Nxd7 39.Ra6 Rb6 40.Ra7 Rd6 41.Ke3 Kg8 42.Ba5 Rd5 43.Bc3 h5
44.Rb7 Kf8 45.Ne1 Bh6+ 46.Kf3 Nf6 47.Nd3 Rf5+ 48.Ke2 Nd5 49.Bb4+ Kg8 50.Rb8+ Bf8
51.Bd6 Kg7 52.Be5+ Kf7 53.g3 g5 54.f3 Kg6 55.Re8 Be7 56.Rg8+ Kh7 57.Ra8 Kg6
58.Rg8+ Kh7 59.Rc8 Rf8 60.Rxf8 Bxf8 61.Nc5 Bxc5 62.dxc5 Kg6 63.g4 hxg4 64.fxg4 Kf7
65.Kf3 Ke7 66.Ke4 Kd7 67.Bd4 Ke7 68.Be5 Kd7 69.Bb2 Kc7 70.Bd4 Kc6 71.Ke5 Kd7
72.Bg1 Nf4 73.Be3 Nd5 74.Bxg5 Kc6 75.Kxe6 Kxc5 76.Bc1 Nc7+ 77.Kd7 Na6 78.g5 Nb8+
79.Ke6 Nc6 80.Be3+ Kc4 81.g6 Kd3 82.Bb6 Ke4 83.g7  1-0

[Event "New York exh"]
[Site "New York"]
[Date "1989.??.??"]
[Round "1"]
[White "Gurevich, Dmitry"]
[Black "Alburt, Lev O"]
[Result "0-1"]
[WhiteElo "2480"]
[BlackElo "2520"]

1.Nf3 Nf6 2.c4 e6 3.d4 c5 4.g3 cxd4 5.Nxd4 Qc7 6.Nc3 a6 7.Bg5 Bb4 8.Bxf6 Bxc3+
9.bxc3 gxf6 10.Bg2 Qxc4 11.O-O Nc6 12.Qd2 Qc5 13.Nb3 Qe7 14.c4 b6 15.Rab1 Rb8
16.Nd4 Ne5 17.Qf4 Rg8 18.h3 Qc5 19.Rfd1 Ke7 20.Rbc1 Bb7 21.Nb3 Qc7 22.Bxb7 Qxb7
23.c5 Rbc8 24.Qb4 Nc6 25.Qd2 b5 26.Rc3 Rg5 27.Qd6+ Ke8 28.Rf3 Rg6 29.Qd2 Ne5
30.Rf4 Kf8 31.Na5 Qc7 32.Rc1 d5 33.Nb3 Nc4 34.Rfxc4 bxc4 35.Nd4  0-1

[Event "New York exh"]
[Site "New York"]
[Date "1989.??.??"]
[Round "2"]
[White "Alburt, Lev O"]
[Black "Gurevich, Dmitry"]
[Result "0-1"]
[WhiteElo "2520"]
[BlackElo "2480"]

1.d4 Nf6 2.Nf3 e6 3.g3 c5 4.Bg2 b5 5.a4 b4 6.c4 Bb7 7.d5 exd5 8.Nh4 g6 9.cxd5 Bg7
10.O-O O-O 11.e4 Re8 12.Re1 d6 13.Nd2 a5 14.Bf1 Nbd7 15.Bb5 h5 16.f3 Qe7
17.Ng2 h4 18.gxh4 Nh5 19.Nc4 Ne5 20.Nxe5 Bxe5 21.Bg5 f6 22.Bxe8 Rxe8 23.Bc1 Bd4+
24.Kh1 Ba6 25.Qc2 b3 26.Qxb3 Bf2 27.Rd1 Qd7 28.Qc2 Ng3+  0-1

[Event "New York exh"]
[Site "New York"]
[Date "1989.??.??"]
[Round "2"]
[White "Ivanov, Alexander"]
[Black "Alburt, Lev O"]
[Result "1-0"]
[WhiteElo "2470"]
[BlackElo "2520"]

1.e4 Nf6 2.e5 Nd5 3.d4 d6 4.Nf3 g6 5.Bc4 Nb6 6.Bb3 Bg7 7.a4 a5 8.exd6 exd6
9.O-O O-O 10.Re1 d5 11.Bf4 Be6 12.Be5 Bh6 13.Nc3 Re8 14.h3 f6 15.Bh2 Qd7
16.Qd3 c6 17.Re2 Na6 18.Rae1 Nb4 19.Qd1 Bf7 20.Rxe8+ Rxe8 21.Rxe8+ Qxe8 22.Bc7 Nc4
23.Bxc4 dxc4 24.Bxa5 Nd5 25.Nxd5 Bxd5 26.Bd2 Bf8 27.Qe1 Qd7 28.Bb4 Bh6 29.Nh2 Kf7
30.Ng4 Bg5 31.Bd2 h5 32.Ne5+ fxe5 33.Bxg5 exd4 34.Qe5 Qf5 35.Qe7+ Kg8 36.Bf6 Bf7
37.Qd8+  1-0

[Event "New York op"]
[Site "New York"]
[Date "1989.??.??"]
[Round "4"]
[White "London, Dimitri"]
[Black "Alburt, Lev O"]
[Result "1/2-1/2"]
[WhiteElo "2380"]
[BlackElo "2520"]

1.e4 Nf6 2.e5 Nd5 3.d4 d6 4.Nf3 g6 5.Bc4 Nb6 6.Bb3 Bg7 7.Ng5 e6 8.Qf3 Qe7
9.Ne4 dxe5 10.Bg5 Qb4+ 11.c3 Qa5 12.Nf6+ Kf8 13.d5 e4 14.Qg3 Na6 15.dxe6 Bxe6
16.Bxe6 h6 17.Qf4 fxe6 18.Nd5+ Kg8 19.Ne7+ Kh7 20.h4 Nd5 21.Qxe4 Nxe7 22.Bxe7 Rhe8
23.Ba3 Qd5 24.Nd2 h5 25.O-O-O Bh6 26.Kc2 Qf5 27.f3 Rad8 28.Rhe1 Kg7 29.g4 hxg4
30.fxg4 Rxd2+ 31.Rxd2 Qxe4+ 32.Rxe4 Bxd2 33.Kxd2 e5 34.Re1 Nb8 35.Ke3 Rd8
36.Be7 Rd5 37.Rf1 Nd7 38.Rf2 Nb6 39.b3 Rd1 40.c4 Re1+ 41.Re2 Rd1 42.Rd2 Rxd2
43.Kxd2 Nd7 44.Ke3 Kf7 45.Bd8 c6 46.h5 gxh5 47.gxh5 Ke6 48.h6 Nf8 49.Ke4 Nh7
50.Bh4 Nf8 51.Bg5 Nh7 52.Bd8 Kd7 53.Bh4 Ke6 54.a4 Nf8 55.Bd8 Nh7 56.a5 Kd7
57.Bh4 Ke6 58.Bd8 Kd7 59.Bh4 Ke6 60.a6 bxa6 61.Bf2 Nf6+ 62.Kd3 Kf5 63.Bxa7 Kg6
64.Be3 a5 65.Bd2 Nd7 66.Be3 Nf6 67.Bd2 Nd7  1/2-1/2

[Event "New York op"]
[Site "New York"]
[Date "1989.??.??"]
[Round "5"]
[White "Alburt, Lev O"]
[Black "Akhmilovskaya, Elena"]
[Result "1-0"]
[WhiteElo "2520"]
[BlackElo "2430"]

1.g3 Nf6 2.Bg2 e6 3.c4 c5 4.Nf3 Nc6 5.O-O Be7 6.d4 cxd4 7.Nxd4 O-O 8.Nc3 Ne5
9.b3 d6 10.h3 a6 11.a4 Qc7 12.Qd2 Bd7 13.Ba3 Nc6 14.Rfd1 Rfd8 15.Nf3 Be8
16.Qb2 Na5 17.Nd2 Rac8 18.Rac1 b6 19.b4 Nb7 20.Qb3 Qb8 21.Qa2 Rc7 22.Bb2 a5
23.bxa5 Nxa5 24.Nb5 Bxb5 25.axb5 Rdc8 26.Bc3 d5 27.Be5 Bc5 28.cxd5 exd5 29.e3 Bd6
30.Rxc7 Qxc7 31.Bxf6 gxf6 32.Qxd5 Be5 33.Nf3 Nc4 34.Rc1 Qc5 35.Qe4 Bb2 36.Rc2 f5
37.Qd3  1-0

[Event "New York op"]
[Site "New York"]
[Date "1989.??.??"]
[Round "8"]
[White "Olafsson, Helgi"]
[Black "Alburt, Lev O"]
[Result "1-0"]
[WhiteElo "2520"]
[BlackElo "2520"]

1.d4 c5 2.d5 Nf6 3.Nf3 e6 4.c4 b5 5.Bg5 b4 6.Nbd2 Be7 7.Bxf6 Bxf6 8.Qc2 O-O
9.Rd1 Na6 10.dxe6 fxe6 11.g3 Bb7 12.Bg2 Qc7 13.O-O Rae8 14.Ne1 Bxg2 15.Nxg2 Nb8
16.Ne4 Be7 17.Rd2 Nc6 18.e3 Ne5 19.f4 Nf7 20.Rfd1 d6 21.Nf2 Qc6 22.Qe4 Qxe4
23.Nxe4 Rc8 24.Ne1 Rc6 25.Nf3 h6 26.h4 g6 27.g4 Ra6 28.b3 Ra3 29.g5 h5 30.Ng3 a5
31.e4 a4 32.Rb1 axb3 33.axb3 Nd8 34.f5 exf5 35.exf5 gxf5 36.Rd5 Rf7 37.Nxf5 Bf8
38.Nd2 Ne6 39.Rf1 Bg7 40.Re1 Nd4 41.Ne7+ Rxe7 42.Rxe7 Ra1+ 43.Kf2 Ra2 44.Ke3 Be5
45.Rexe5 dxe5 46.Rxc5 Nxb3 47.Nxb3 Ra3 48.Ke4 Rxb3 49.Kxe5 Kg7 50.Rc7+ Kg6
51.Rc6+ Kg7 52.Rb6 Rb1 53.c5 b3 54.Kd5 b2 55.Kc6 Rh1 56.Rxb2 Rxh4 57.Kb7 Kg6
58.c6 Rc4 59.Rb5  1-0

[Event "World op 5'"]
[Site "Philadelphia"]
[Date "1989.??.??"]
[Round "?"]
[White "Gurevich, Mikhail"]
[Black "Alburt, Lev O"]
[Result "1-0"]
[WhiteElo "2590"]
[BlackElo "2520"]

1.g3 e5 2.Bg2 d5 3.d3 c5 4.Nf3 Nc6 5.O-O Be7 6.Nc3 Be6 7.e4 d4 8.Nd5 Nf6
9.Nxe7 Qxe7 10.Ng5 Bg4 11.f3 Bh5 12.Bd2 h6 13.Nh3 g5 14.Nf2 O-O-O 15.Bh3+ Kb8
16.a3 Nd7 17.b4 cxb4 18.axb4 Nxb4 19.Rb1 Nc6 20.Qe2 Nb6 21.Rb5 f6 22.Rfb1 Be8
23.Qe1 Bd7 24.Bf5 Rc8 25.R1b2 Rc7 26.Qa1 Nd8 27.Bb4 Qf7 28.Rxb6 axb6 29.Bd6 Bxf5
30.exf5 Qd5 31.Ne4 Kc8 32.Qa8+ Kd7 33.Nxf6+ Kxd6 34.Nxd5 Kxd5 35.Rxb6 Rf8
36.Qa5+ Rc5 37.Qa2+  1-0

[Event "World op"]
[Site "Philadelphia"]
[Date "1989.??.??"]
[Round "1"]
[White "Burger, Karl"]
[Black "Alburt, Lev O"]
[Result "0-1"]
[WhiteElo "2315"]
[BlackElo "2520"]

1.Nf3 c5 2.e4 e6 3.d4 cxd4 4.Nxd4 Nf6 5.Bd3 Nc6 6.Nxc6 bxc6 7.O-O d5 8.e5 Nd7
9.Qe2 Be7 10.Nd2 O-O 11.f4 Nc5 12.Kh1 a5 13.Nf3 Nxd3 14.cxd3 c5 15.Be3 Ba6
16.Rfc1 Qb6 17.Rc2 a4 18.Rac1 Rfc8 19.Qd1 d4 20.Bf2 Qd8 21.h4 Qd5 22.Ra1 Rcb8
23.Rd2 Rb4 24.Kh2 Rab8 25.Qc1 Bb7 26.Rc2 Qd8 27.Kg3 g6 28.Qd2 Bd5 29.h5 gxh5
30.Qe2 Kh8 31.Kh3 Qg8 32.Nh4 Qg4+ 33.Qxg4 hxg4+ 34.Kxg4 Rxb2  0-1

[Event "World op"]
[Site "Philadelphia"]
[Date "1989.??.??"]
[Round "9"]
[White "Gurevich, Mikhail"]
[Black "Alburt, Lev O"]
[Result "1/2-1/2"]
[WhiteElo "2590"]
[BlackElo "2520"]

1.d4 Nf6 2.Nf3 c5 3.d5 e6 4.c4 b5 5.Bg5 b4 6.e4 d6 7.a3 h6 8.Bxf6 Qxf6 9.Qc2 Nd7
10.axb4 cxb4 11.c5 exd5 12.Bb5 dxe4 13.Qxe4+ Qe7 14.Nbd2 d5 15.Qxe7+ Bxe7
16.Bc6 Rb8 17.O-O Bxc5 18.Rfe1+ Kf8 19.Bxd5 Bb7 20.Bxb7 Rxb7 21.Ne4 g6 22.Ne5 Be7
23.Nc6 Nb6 24.Rxa7 Rxa7 25.Nxa7 f5 26.Nd2 Kf7 27.Nc6 Bd6 28.g3 Rc8 29.Nd4 Bc5
30.N4f3 Bd6 31.Nd4 Bc5 32.N4f3 Nd7 33.Nb3 Bb6 34.Re2 Nf6 35.Kg2 Rc7 36.Ne5+ Kg7
37.Nd3 Rd7 38.Nxb4 Bxf2 39.Na6 Ba7 40.Nac5 Bxc5 41.Nxc5 Rd1 42.b4  1/2-1/2

[Event "World op"]
[Site "Philadelphia"]
[Date "1989.??.??"]
[Round "10"]
[White "Alburt, Lev O"]
[Black "Ivanov, Alexander"]
[Result "1/2-1/2"]
[WhiteElo "2520"]
[BlackElo "2470"]

1.d4 Nf6 2.c4 e6 3.g3 Bb4+ 4.Nd2 d5 5.Bg2 O-O 6.Nf3 b6 7.O-O Bb7 8.Ne5 c5
9.Ndf3 cxd4 10.Nxd4 Bd6 11.Bf4 g5 12.Nxf7 Kxf7 13.Bxg5 Nbd7 14.e3 Rg8 15.h4 Nc5
16.cxd5 Bxd5 17.Bxd5 exd5 18.Nf5 Kg6 19.Nh6 Rf8 20.Qc2+ Kg7 21.Rad1 Be7 22.Qc3 Qd7
23.Qe5 Rae8 24.Rxd5 Qe6 25.Qd4 Qe4 26.Nf5+ Kg6 27.Nxe7+ Rxe7 28.Bxf6 Rxf6
29.Rg5+ Kf7 30.Qd1 Rg6 31.Qh5 Kg7 32.Rd1 Ne6 33.Rgd5 Rf6 34.Rd7 Rxd7 35.Rxd7+ Kh8
36.Qd1 Qf5 37.Qd2 Qb1+ 38.Kg2 Qe4+ 39.Kh2 Qf3 40.Kg1 Nc5 41.Rxa7 Ne4 42.Qd8+ Rf8
43.Qd4+ Rf6  1/2-1/2

[Event "San Mateo rapid"]
[Site "San Mateo"]
[Date "1989.??.??"]
[Round "?"]
[White "Alburt, Lev O"]
[Black "Rowley, Robert"]
[Result "1-0"]
[WhiteElo "2520"]
[BlackElo "2400"]

1.d4 Nf6 2.c4 g6 3.Nc3 d5 4.Nf3 Bg7 5.Qa4+ c6 6.cxd5 Nxd5 7.e4 Nb6 8.Qd1 Bg4
9.Be3 O-O 10.a4 a5 11.Qd2 Na6 12.Be2 Nb4 13.Rd1 Qd6 14.Ne5 Bxe2 15.Qxe2 Qe6
16.f4 f6 17.Nd3 Nc4 18.Nc5 Qf7 19.Bc1 b6 20.Nd3 Rad8 21.d5 f5 22.dxc6 fxe4
23.Nxe4 Qe6  1-0

[Event "New York op"]
[Site "New York"]
[Date "1990.??.??"]
[Round "2"]
[White "Gurevich, Dmitry"]
[Black "Alburt, Lev O"]
[Result "0-1"]
[WhiteElo "2470"]
[BlackElo "2565"]

1.c4 Nf6 2.Nc3 c5 3.g3 g6 4.Bg2 Bg7 5.Nf3 d5 6.Qa4+ Bd7 7.Qb3 dxc4 8.Qxc4 Qb6
9.Ne5 O-O 10.Nxd7 Nbxd7 11.O-O Ne5 12.Qb3 Nc6 13.d3 Qc7 14.Qb5 Qb6 15.Bxc6 bxc6
16.Qc4 Nd7 17.Na4 Qb4 18.Qc2 Qg4 19.Kg2 h5 20.h3 Qe6 21.Be3 Rfb8 22.Rfc1 h4
23.Qc4 Qxc4 24.Rxc4 hxg3 25.fxg3 Nb6 26.Nxb6 axb6 27.Rc2 Ra3 28.bxa3 Bxa1
29.a4 Ra8 30.Rc4 Be5 31.Bd2 Bd6 32.Be1 f5 33.Kf3 Kf7 34.g4 Ke6 35.gxf5+ gxf5
36.h4 b5 37.axb5 cxb5 38.Rc2 Ra3 39.Rb2 c4 40.Rxb5 c3 41.Rb6 Kd7 42.h5 c2
43.Bd2 Rc3 44.Rb5 c1=Q 45.Bxc1 Rxc1 46.Rxf5 Ke6 47.Rb5 Rf1+ 48.Ke3 Ra1 49.Ke4 Rxa2
50.e3 Rh2 51.d4 Rh4+ 52.Kd3 Rh3 53.Ke4 Kf7 54.Rg5 Ba3 55.Rf5+ Kg7 56.Re5 Bd6
57.Rg5+ Kh7 58.Ra5 Kh6 59.Rf5 Ba3 60.Re5 Bb4 61.Kd5 Bd6 62.Re6+ Kg7 63.h6+ Kf7
64.e4 Bf4 65.Rb6 Rxh6 66.Rb3 Rd6+ 67.Kc5 Ke6 68.Rf3 Bc1 69.Kc4 Ra6 70.Rb3 Ra4+
71.Kc5 Ba3+ 72.Kb5 Rxd4 73.Rxa3 Rxe4 74.Kc5 Ke5 75.Rh3 Re1 76.Rh5+ Ke4 77.Rh4+ Kf3
78.Kd4 e5+ 79.Kd3 Rd1+ 80.Kc2 Rd8 81.Rh3+ Kg4  0-1

[Event "New York op"]
[Site "New York"]
[Date "1990.??.??"]
[Round "3"]
[White "Alburt, Lev O"]
[Black "Zaichik, Gennadi"]
[Result "1-0"]
[WhiteElo "2565"]
[BlackElo "2460"]

1.d4 Nf6 2.Nf3 e6 3.g3 c5 4.Bg2 cxd4 5.O-O Nc6 6.Nxd4 Bc5 7.Nb3 Be7 8.c4 d5
9.Nc3 dxc4 10.Qxd8+ Bxd8 11.Nd2 Na5 12.Nde4 O-O 13.Bf4 Nd5 14.Bd6 Re8 15.Rfd1 Bd7
16.Nxd5 exd5 17.Nc3 Bc6 18.Bb4 d4 19.Rxd4 Bxg2 20.Kxg2 Bf6 21.Rf4 Nc6 22.Rxc4 Bxc3
23.Bxc3 Rxe2 24.Rd1 Rae8 25.Rg4 g6 26.Rd5 R8e6 27.h4 f6 28.Rd7 Re7 29.Rxe7 Nxe7
30.Rd4 a6 31.Rd7 b5 32.Bxf6 Nc6 33.Bc3 b4 34.Bd2 h5 35.Kf1 a5 36.a3 bxa3
37.bxa3 Kf8 38.Rd5 a4 39.Rc5 Ne5 40.Ra5 Nc4 41.Bb4+  1-0

[Event "New York op"]
[Site "New York"]
[Date "1990.??.??"]
[Round "6"]
[White "Lputian, Smbat G"]
[Black "Alburt, Lev O"]
[Result "0-1"]
[WhiteElo "2545"]
[BlackElo "2565"]

1.d4 Nf6 2.Nf3 c5 3.e3 g6 4.c4 Bg7 5.Nc3 O-O 6.Be2 cxd4 7.exd4 d5 8.O-O Nc6
9.Re1 Bg4 10.cxd5 Nxd5 11.h3 Be6 12.Bg5 h6 13.Be3 Kh7 14.Bf1 Rc8 15.Ne4 Ncb4
16.Nc5 Nxe3 17.fxe3 Bd5 18.Qd2 b6 19.Qxb4 bxc5 20.dxc5 Bxf3 21.gxf3 Qd5 22.Rac1 Qxf3
23.Bg2 Qg3 24.c6 Be5 25.Re2 Rc7 26.Qg4 Qh2+ 27.Kf1 f5 28.Qf3 Bd6 29.Ke1 Rd8
30.Kd1 e5 31.Qf1 e4 32.Rd2 Qg3 33.Rc3 Be7 34.Rxd8 Bxd8 35.Ke2 Bf6 36.Rc2 Bg5
37.Qf2 Qd6 38.h4 Qd3+ 39.Ke1 Bxh4  0-1

[Event "USA-op Los Angeles"]
[Site "Los Angeles"]
[Date "1991.??.??"]
[Round "?"]
[White "Rowley, Robert"]
[Black "Alburt, Lev O"]
[Result "1/2-1/2"]
[WhiteElo "2380"]
[BlackElo "2535"]

1.e4 Nf6 2.e5 Nd5 3.d4 d6 4.Nf3 g6 5.Bc4 Nb6 6.Bb3 Bg7 7.a4 dxe5 8.a5 Nd5
9.dxe5 c6 10.O-O Bg4 11.Re1 O-O 12.Nbd2 Nd7 13.h3 Bf5 14.a6 bxa6 15.Nd4 Qc7
16.N2f3 Nc5 17.Bxd5 cxd5 18.Nxf5 gxf5 19.Qxd5 e6 20.Qc4 Rfc8 21.Qh4 Nd7 22.Bh6 Bxh6
23.Qxh6 Qxc2 24.Ng5 Nf8 25.Re3 Qxb2 26.Nxh7 Qxa1+ 27.Kh2 Qxe5+ 28.Rxe5 Nxh7
29.g4 Rc2 30.Kg2 Rb8 31.gxf5 exf5 32.Qxa6 Rb6 33.Qxa7 Rg6+ 34.Kf1 Rc1+ 35.Ke2 Rf6
36.Qe3 Rc2+ 37.Kf1 f4 38.Qf3 Rc1+ 39.Ke2 Rg1 40.h4 Nf8 41.Re8 Kg7 42.Qc3 Nh7
43.Kf3 Rh1 44.Qc8 Rxh4 45.Rg8+ Kh6 46.Rh8 Rg6 47.Qf8+ Rg7 48.Qd6+ Rg6 49.Qf8+ Rg7
50.Qd6+ Rg6 51.Qf8+  1/2-1/2

[Event "USA-op Los Angeles"]
[Site "Los Angeles"]
[Date "1991.??.??"]
[Round "?"]
[White "Kudrin, Sergey"]
[Black "Alburt, Lev O"]
[Result "1-0"]
[WhiteElo "2530"]
[BlackElo "2535"]

1.e4 Nf6 2.e5 Nd5 3.d4 d6 4.Nf3 g6 5.Bc4 Nb6 6.Bb3 Bg7 7.a4 dxe5 8.a5 Nd5
9.dxe5 c6 10.h3 Nd7 11.Bxd5 cxd5 12.Bf4 e6 13.O-O O-O 14.Nc3 f6 15.exf6 Bxf6
16.Bg3 Nb8 17.Nb5 Nc6 18.Re1 Rf7 19.c3 Re7 20.Ne5 Bxe5 21.Bxe5 Rf7 22.Bg3 Nxa5
23.Nd6 Rg7 24.Nxc8 Rxc8 25.Rxe6 Rd7 26.Qg4 Nc6 27.Rae1 Rf7 28.Rd6 Qf8 29.Rxd5 Re8
30.Red1 Qe7 31.Rd7 Qe6 32.Qxe6 Rxe6 33.Kf1 Rfe7 34.f3 Rxd7 35.Rxd7 Re7 36.Rxe7 Nxe7
37.Ke2 Kf7 38.Kd3 Ke6 39.Bf2 Nc6 40.Ke4 a6 41.f4 h5 42.g4 hxg4 43.hxg4 Nd8
44.Bg3 Nf7 45.f5+ gxf5+ 46.gxf5+ Kd7 47.Kd5 Nh6 48.Ke5 Ng4+ 49.Kf4 Nf6 50.Bh4 Ne8
51.Ke5 Nd6 52.b3 a5 53.Bf2 b5 54.Bc5 Nf7+ 55.Kd5 a4 56.bxa4 bxa4 57.Ba3 Nh6
58.f6 Ke8 59.Ke6 Nf7 60.Be7 Ng5+ 61.Kf5 Nh7 62.Kg6 Nf8+ 63.Kg7 Ne6+ 64.Kg8 Ng5
65.Ba3 Nf7 66.Kg7 Nd8 67.c4 Ne6+ 68.Kg8 Nd8 69.c5 Nf7 70.Kg7 Nd8 71.Kg8 Nf7
72.Kg7 Nd8 73.c6 Ne6+ 74.Kg6 Kd8 75.f7  1-0

[Event "USA-op Los Angeles"]
[Site "Los Angeles"]
[Date "1991.??.??"]
[Round "?"]
[White "Alburt, Lev O"]
[Black "Young, Angelo"]
[Result "1-0"]
[WhiteElo "2535"]
[BlackElo "2245"]

1.d4 e6 2.c4 Bb4+ 3.Nd2 Nf6 4.g3 O-O 5.Bg2 d5 6.Qc2 c5 7.dxc5 Bxc5 8.Ngf3 Qb6
9.O-O Ng4 10.e3 Bxe3 11.fxe3 Qxe3+ 12.Kh1 Nf2+ 13.Rxf2 Qxf2 14.b3 Nc6 15.Bb2 Qe3
16.Re1 Qh6 17.a3 Bd7 18.b4 Rac8 19.Qb3 Rfd8 20.c5 e5 21.Bxe5 Nxe5 22.Rxe5 Bh3
23.Bxh3 Qxh3 24.Rxd5 Re8 25.Qd3 Rc7 26.Rd8 Rc8 27.Rxe8+ Rxe8 28.Kg1 Qe6 29.Nc4 h6
30.Nd6 Re7 31.Nf5 Rd7 32.N3d4 Qe1+ 33.Kg2 Qe5 34.Qe2 Qd5+ 35.Qf3 Qa2+ 36.Kh3 Qc4
37.Qf4 Qd3 38.Nxh6+ Kh7 39.Qf5+ Qxf5+ 40.Nhxf5 Rd5 41.Nd6 Rxd4 42.Nxb7 g5
43.c6 g4+ 44.Kg2 Rd2+ 45.Kf1 Rd1+ 46.Ke2 Rc1 47.Nc5 Rc2+ 48.Kd3  1-0

[Event "USA-op Los Angeles"]
[Site "Los Angeles"]
[Date "1991.??.??"]
[Round "?"]
[White "Brooks, Michael A"]
[Black "Alburt, Lev O"]
[Result "0-1"]
[WhiteElo "2455"]
[BlackElo "2535"]

1.g3 e5 2.Bg2 d5 3.d3 f5 4.c4 dxc4 5.Qa4+ c6 6.Qxc4 Bd6 7.Nf3 Qe7 8.O-O Nf6
9.e4 Be6 10.Qc2 fxe4 11.dxe4 Na6 12.Nbd2 Nb4 13.Qc3 a5 14.a3 Na2 15.Qc2 Nxc1
16.Raxc1 Bc7 17.Nc4 Nd7 18.Ne3 O-O 19.Nf5 Qf6 20.Rfd1 a4 21.Qe2 Bxf5 22.exf5 Qxf5
23.Qc4+ Kh8 24.g4 Qf7 25.Qc2 Qe7 26.h4 Bb6 27.Re1 Rf4 28.Ng5 Bxf2+ 29.Kh1 g6
30.Re4 Bxh4 31.Rxf4 Bxg5 32.Rf3 Bxc1 33.Qxc1 Rf8 34.Rxf8+ Qxf8 35.Qd2 Nc5
36.g5 Qe7 37.Qe3 Qd6 38.Qe1 Kg7 39.Qb4 Kf8 40.Qg4 Ke7 41.Qc8 Qd8 42.Qg4 Qd7
43.Qf3 Qf5 44.Qc3 Kd6 45.Qd2+ Nd3 46.Qc3 Nc5 47.Qd2+ Qd3 48.Qf2 Qd1+ 49.Kh2 Ne6
50.Qe3 Qh5+ 51.Bh3 Qxg5 52.Qa7 Qf4+ 53.Kh1 Qc1+ 54.Kh2 Qxb2+ 55.Kh1 Qc1+
56.Kh2 Qf4+ 57.Kh1 Qh4 58.Qe3 Ke7 59.Qc3 Kf6 60.Qd3 Ng5 61.Qd8+ Kg7 62.Qe7+ Kh6
63.Qf6 Qxh3+  0-1

[Event "New York op"]
[Site "New York"]
[Date "1991.??.??"]
[Round "2"]
[White "Alburt, Lev O"]
[Black "Ritter, Mark"]
[Result "0-1"]
[WhiteElo "2555"]
[BlackElo "2260"]

1.d4 Nf6 2.c4 d6 3.Nc3 Nbd7 4.e4 e5 5.d5 Be7 6.f3 O-O 7.Be3 Ne8 8.Qd2 f5
9.exf5 Rxf5 10.Nh3 Bh4+ 11.g3 Be7 12.Be2 b6 13.O-O a5 14.Qc2 Nc5 15.a3 Rf7
16.g4 a4 17.Bxc5 dxc5 18.Bd3 g6 19.Nxa4 Bf8 20.Nc3 Qh4 21.Qg2 Nd6 22.Qg3 Qh6
23.Rad1 Be7 24.Ne4 Bd7 25.Nxd6 Bxd6 26.Be4 Qe3+ 27.Qf2 Qh6 28.Qg2 Qe3+ 29.Kh1 Raf8
30.Rfe1 Qh6 31.Nf2 Qg5 32.Qg3 Ba4 33.Rd3 Kh8 34.Rde3 Qd8 35.h4 Bd7 36.g5 Qc8
37.Kg2 Qa6 38.Rh1 Bf5 39.h5 Rg7 40.hxg6 Bxg6 41.Bxg6 Rxg6 42.Re4 Rf4 43.Rh5 Rxe4
44.fxe4 Qxc4 45.Qh3 Kg8 46.Qc8+ Bf8 47.Qxc7 h6 48.Qxe5 Qe2 49.Qh2 c4 50.Qh4 Qxb2
51.d6 Qd4 52.e5 Qxh4 53.Rxh4 Rxg5+ 54.Kf3 Rxe5 55.Ne4 Ra5 56.Kf4 Kf7 57.Ke3 Bg7
58.Rh1 Rxa3+ 59.Kf4 Ke6 60.Rd1 Be5+ 61.Kg4 Rd3 62.Rb1 Re3 63.Nf2 Bxd6 64.Rxb6 Kd5
65.Rb1 Bc5 66.Rh1 Re6 67.Nd1 Bd4 68.Kh5 Kc5 69.Kg4 Rf6 70.Rh5+ Kd6 71.Rh1 Kd5
72.Re1 Kc5 73.Kh5 Ra6 74.Re2 Ra1 75.Rd2 Ra3 76.Rc2 Rh3+ 77.Kg4 Rh1 78.Rc1 h5+
79.Kf3 Rg1 80.Rb1 h4 81.Nc3 Rg3+  0-1

[Event "New York op"]
[Site "New York"]
[Date "1991.??.??"]
[Round "4"]
[White "Alburt, Lev O"]
[Black "Tonsingh, Orrin"]
[Result "1-0"]
[WhiteElo "2555"]
[BlackElo "2240"]

1.d4 Nf6 2.c4 g6 3.Nc3 Bg7 4.e4 d6 5.Be2 O-O 6.Bg5 c5 7.d5 h6 8.Bf4 e5 9.dxe6 Bxe6
10.Bxd6 Re8 11.Nf3 Nc6 12.O-O Nd4 13.e5 Nxe2+ 14.Qxe2 Nd7 15.Nb5 Bg4 16.Nc7 Bxf3
17.Qxf3 Nxe5 18.Bxe5 Rxe5 19.Nxa8 Qxa8 20.Rae1 Rf5 21.Qe2 Kh7 22.b3 Qd8 23.Qe7 Qa5
24.Re2 b5 25.cxb5 Qxb5 26.Rd2 Qa5 27.Qd8 Qc3 28.Rd5 Rxd5  1-0

[Event "New York op"]
[Site "New York"]
[Date "1991.??.??"]
[Round "5"]
[White "Weeramantry, Sunil"]
[Black "Alburt, Lev O"]
[Result "0-1"]
[WhiteElo "2255"]
[BlackElo "2555"]

1.e4 Nf6 2.Nc3 d5 3.e5 Nfd7 4.d4 c5 5.dxc5 e6 6.f4 Bxc5 7.Nf3 Nc6 8.Bd3 f6
9.Qe2 O-O 10.Bd2 fxe5 11.fxe5 Nd4 12.Nxd4 Qh4+ 13.g3 Qxd4 14.O-O-O Qxe5 15.Qg2 Rf2
16.Qh3 Nf6 17.g4 Rxd2 18.Rxd2 Be3  0-1

[Event "New York op"]
[Site "New York"]
[Date "1991.??.??"]
[Round "6"]
[White "Alburt, Lev O"]
[Black "Duong Thanh Nha"]
[Result "1-0"]
[WhiteElo "2555"]
[BlackElo "2305"]

1.d4 Nf6 2.c4 e6 3.g3 d5 4.Bg2 c6 5.Nf3 Be7 6.O-O O-O 7.Nc3 Nbd7 8.Qd3 b6
9.e4 Bb7 10.Nd2 g6 11.e5 Ne8 12.f4 Ng7 13.cxd5 cxd5 14.Nf3 Rc8 15.Bd2 Qc7
16.Rac1 Qc4 17.Qb1 b5 18.a3 Qc6 19.Qd3 Qc4 20.Qb1 Qc6 21.Rfd1 Nb6 22.Na2 Qd7
23.Bb4 Nc4 24.b3 Ne3 25.Rxc8 Rxc8 26.Rc1 Bd8 27.Bh3 Bb6 28.Qd3 Nef5 29.Rxc8+ Bxc8
30.Qc3 h5 31.Bf1 Bb7 32.Bc5 Bxc5 33.Qxc5 a6 34.Nb4 Ne8 35.Qa7 Qc8 36.Nd3 Qc7
37.Nc5 Bc8 38.Qxc7 Nxc7 39.Kf2 Kf8 40.h3 Nh6 41.Be2 Ke7 42.Ne1 Kd8 43.Nc2 Nf5
44.g4 hxg4 45.hxg4 Ne7 46.Ke3 Nc6 47.Kd3 Na8 48.Kc3 Kc7 49.Ne3 Kd8 50.f5 gxf5
51.gxf5 Nb6 52.Bh5 Ke7 53.f6+ Kf8 54.Ng4 Nd7 55.Nd3 a5 56.Nh6 Nd8 57.Nf4 Nb8
58.Nxf7 b4+ 59.axb4 axb4+ 60.Kxb4 Nxf7 61.Ng6+ Ke8 62.Nh8 Nc6+ 63.Kc5 Nd8
64.Nxf7 Nxf7 65.b4  1-0

[Event "New York op"]
[Site "New York"]
[Date "1991.??.??"]
[Round "8"]
[White "Alburt, Lev O"]
[Black "Shibut, Macon"]
[Result "1-0"]
[WhiteElo "2555"]
[BlackElo "2225"]

1.d4 Nf6 2.c4 d6 3.Nc3 g6 4.e4 Bg7 5.Be2 O-O 6.Bg5 c5 7.d5 b5 8.cxb5 a6 9.a4 h6
10.Bd2 e6 11.dxe6 Bxe6 12.Nf3 axb5 13.Bxb5 Na6 14.O-O Nb4 15.Be3 Qb6 16.Qc1 Kh7
17.h3 Rfc8 18.Rd1 Bb3 19.Rd2 Qb7 20.Rxd6 Nxe4 21.Rd7 Qxd7 22.Bxd7 Nxc3 23.bxc3 Rd8
24.Ra3 Na2 25.Qb2 c4 26.Rxa2 Bxa2 27.Qxa2 Rxd7 28.Qxc4 Rd1+ 29.Kh2  1-0

[Event "New York op"]
[Site "New York"]
[Date "1992.??.??"]
[Round "8"]
[White "La Flair, Roger"]
[Black "Alburt, Lev O"]
[Result "0-1"]
[WhiteElo "2330"]
[BlackElo "2535"]

1.d4 Nf6 2.c4 c5 3.d5 b5 4.cxb5 a6 5.b6 e6 6.Nc3 exd5 7.Nxd5 Nxd5 8.Qxd5 Nc6
9.e4 Be7 10.Bc4 O-O 11.Nf3 Qxb6 12.O-O d6 13.Qh5 Be6 14.Bd5 Bxd5 15.Qxd5 Nb4
16.Qf5 g6 17.Qh3 Qb7 18.Qh6 Nc2 19.Ng5 Bxg5 20.Bxg5 f6 21.Rac1 Nd4 22.Bf4 Ne2+
23.Kh1 Nxc1 24.Rxc1 Rad8 25.f3 Qxb2 26.h4 Qxa2 27.Rd1 d5 28.e5 d4 29.exf6 Rxf6
30.Re1 Re6 31.Be5 Re7 32.Re4 Qb1+ 33.Kh2 Qxe4 34.fxe4 Rxe5 35.Qf4 Rde8 36.Qc1 Kg7
37.Kh3 h5 38.Qc4 R8e6 39.g3 Rd6 40.Qd3 Kh7 41.Kg2 Rd7 42.Kf3 c4 43.Qxc4 d3  0-1

[Event "New York op"]
[Site "New York"]
[Date "1992.??.??"]
[Round "9"]
[White "Alburt, Lev O"]
[Black "Fedorov, Vladislav"]
[Result "1/2-1/2"]
[WhiteElo "2535"]
[BlackElo "2395"]

1.d4 Nf6 2.c4 e6 3.Nf3 c5 4.d5 d6 5.Nc3 exd5 6.cxd5 g6 7.h3 a6 8.a4 Qe7 9.g3 Bg7
10.Bg2 O-O 11.O-O Nbd7 12.Bf4 h6 13.e4 g5 14.Be3 Rb8 15.a5 b5 16.axb6 Rxb6
17.Qc2 Ne8 18.Nd2 Rb4 19.Nb3 Ne5 20.Na5 Bd7 21.f4 Nc4 22.Nxc4 Rxc4 23.Rxa6 Nc7
24.Raa1 Nb5 25.Qd3 Rb4 26.e5 Rxb2 27.Na4 Rb4 28.exd6 Nxd6 29.Bxc5 Rxa4 30.Rxa4 Bxa4
31.Qa3 Rc8 32.Bxd6 Qa7+ 33.Kh2 Rc2 34.Be5 Qa6 35.Qf3 Qe2 36.Kg1 Qxf3 37.Bxf3 f6
38.Bd6 Bd7 39.Bg2 h5 40.Be7 g4 41.hxg4 hxg4 42.Rf2 Rc1+ 43.Kh2 f5 44.Rf1 Rc2
45.Rd1 Kf7 46.Bd6 Bb5 47.Bb4 Rb2 48.Be1 Ke7 49.Ba5 Kd6 50.Rc1 Bd4 51.Bc7+ Kd7
52.Be5 Rd2 53.Bxd4 Rxd4 54.Rc5 Bd3 55.Rc6 Bc4 56.Rc5 Kd6 57.Rc6+  1/2-1/2

[Event "World op"]
[Site "Philadelphia"]
[Date "1992.??.??"]
[Round "6"]
[White "Alburt, Lev O"]
[Black "Rios, Alejandro"]
[Result "1-0"]
[WhiteElo "2535"]
[BlackElo "2285"]

1.d4 Nf6 2.c4 g6 3.Nc3 Bg7 4.e4 O-O 5.Be2 d6 6.Bg5 h6 7.Be3 e5 8.d5 Kh8 9.h4 Ng8
10.g4 f5 11.g5 f4 12.Bd2 Nd7 13.Bg4 Nc5 14.Bxc8 Qxc8 15.gxh6 Bxh6 16.Nf3 Nf6
17.Qe2 a5 18.O-O-O Qd7 19.Rdg1 Rg8 20.Ng5 Bxg5 21.Rxg5 Rg7 22.f3 Qf7 23.Be1 Ncd7
24.Bf2 b6 25.b3 Nf8 26.Kb2 N8h7 27.Rgg1 Rag8 28.a3 Nh5 29.Rh2 N7f6 30.b4 axb4
31.axb4 Rf8 32.Ra1 Ng3 33.Qd3 Rh7 34.Bg1 Qg8 35.Nb5 Ra8 36.Ra3 Rxa3 37.Qxa3 Nf1
38.Rg2 Ne8 39.Bf2 Qf7 40.Qa8 Kg7 41.Kc3 Ng3 42.Qd8 Kf8 43.Kd3 g5 44.Qxg5 Rg7
45.Qh6 Ke7 46.h5 Qxh5 47.Qxh5 Nxh5 48.Bh4+ Kd7 49.Ra2 Rg8 50.Ra8 Nef6 51.Ra7 Ne8
52.Bf2 Kd8 53.Nxc7 Nxc7 54.Bxb6 Rg7 55.c5 Kc8 56.c6 Kb8 57.Rb7+ Kc8 58.Ba7 Na6
59.Rxg7 Nxg7 60.b5 Nb8 61.Kc4 Nh5 62.b6 Nf6 63.Kb5 Nfd7 64.b7+ Kc7 65.cxd7  1-0